Statistiques concernant Villes d'Ariege

Cliquez ici pour prendre le quiz!

Statistiques générales

  • Ce quiz a été pris 29 fois
  • Le résultat moyen est 5 sur 15

Statistiques - réponses

Hint Answer % Correct
29 721Foix
100%
115 518Pamiers/Georges
71%
36 284Saint-Girons
43%
46 245Lavelanet
43%
83 322Tarascon-sur-Ariege
36%
93 148Mirepoix
32%
54 658Saverdun
29%
63 810Mazères
21%
73 328Varilhes
21%
103 071La Tour du Crieu
21%
122 490Laroque-d'Olmes
21%
142 351Lézat-sur-Lèze
21%
112 857Saint-Jean du Falga
18%
132 359Verniolle
14%
151 423Montgaillard
11%

Distribution des résultats

Percentile par nombre de réponses

% des personnes avec chaque résultat

Votre développement - résultats

Vous n’avez pas pris ce quiz